| 000 | 00000nam##2200000za#4500 |
| 001 | 9.694008 |
| 003 | CaOODSP |
| 005 | 20240209132431 |
| 007 | cr ||||||||||| |
| 008 | 150407|2001||||xxc|||||o f|0| 0 eng|d |
| 040 | |aCaOODSP|beng |
| 043 | |an-cn--- |
| 086 | 1 |aC89-4/27-1-2001E-PDF |
| 110 | 2 |aAtlantic Canada Opportunities Agency. |
| 245 | 10|aBusiness start-ups, expansions and modernizations |h[electronic resource] |
| 246 | 1 |iAt head of title : |aBusiness Development Program |
| 260 | |aMoncton - New Brunswick : |bAtlantic Canada Opportunities Agency |c[2001]. |
| 300 | |a1p.|bphotographs |
| 500 | |aThe catalogue number (C89-4/27-1-2001E) and ISBN (0-662-64633-9) for the print edition have been incorrectly copied in this electronic publication. |
| 590 | |a11-06-Supp|b2011-04-14 |
| 690 | 07|aBusinesses|2gcpds |
| 690 | 07|aModernization|2gcpds |
| 775 | 08|tMise sur pied, agrandissement et modernisation d'entreprises |w(CaOODSP)9.638193 |
| 776 | 0#|tBusiness start-ups, expansions and modernizations |w(CaOODSP)9.661475 |
| 776 | 0#|tMise sur pied, agrandissement et modernisation d'entreprises |w(CaOODSP)9.661476 |
| 856 | 40|ahttp://publications.gc.ca|qPDF|s207 KB|uhttps://publications.gc.ca/collections/collection_2010/apeca-acoa/C89-4-27-1-2001-eng.pdf |